000 00248 a2200085 4500
020 _a9789400797765
100 _aK. OTTO-ZIMMERMANN
245 _aRESILIENT CITIES 2: CITIES AND ADAPTATION TO CLIMATE CHANGE, PROCEEDINGS GLOBAL FORUM
260 _b SPRINGER
999 _c13034
_d13034